The general's coup in Turkey : an inside story of 12 September 1980 /

Bibliographic Details
Main Author: Birand, Mehmet Ali, 1941-2013
Format: Book
Language:English
Published: London ; Washington : Brassey's Defence Publishers, 1987.
Edition:1st English ed.
Subjects:

MARC

Tag First Indicator Second Indicator Subfields
LEADER 00000cam a2200000 a 4500
001 in00000023880
005 20151007055546.0
008 870303s1987 enkb b 00110 eng
010 |a  87006608  
020 |a 008034741X :  |c $39.70 (U.S.) 
035 |a (OCoLC)15629421 
035 |9 AAB8580AM 
040 |a DLC  |c DLC  |d TXA  |d UtOrBLW 
041 1 |a eng  |h tur 
043 |a a-tu--- 
049 |a TXAM  |c [A11089739] 
050 0 0 |a DR601  |b .B5713 1987 
082 0 |a 956.1/038  |2 19 
100 1 |a Birand, Mehmet Ali,  |d 1941-2013. 
240 1 0 |a 12 Eylül saat 04.00.  |l English 
245 1 4 |a The general's coup in Turkey :  |b an inside story of 12 September 1980 /  |c by Mehmet Ali Birand ; translated by M.A. Dikerdem. 
250 |a 1st English ed. 
264 1 |a London ;  |a Washington :  |b Brassey's Defence Publishers,  |c 1987. 
300 |a xiii, 220 pages :  |b maps ;  |c 24 cm. 
336 |a text  |b txt  |2 rdacontent 
337 |a unmediated  |b n  |2 rdamedia 
338 |a volume  |b nc  |2 rdacarrier 
500 |a Translation of: 12 Eylül saat 04.00. 
504 |a Bibliography: pages 213-215. 
500 |a Includes index. 
651 0 |a Turkey  |x History  |y Coup d'état, 1980. 
650 0 |a Generals  |z Turkey  |x Political activity. 
610 1 0 |a Turkey.  |b Ordu  |x Political activity. 
650 0 |a Civil-military relations  |z Turkey. 
651 0 |a Turkey  |x Politics and government  |y 1960-1980. 
999 |a MARS 
999 f f |s 542c3d11-5fd6-38aa-b89c-c13f259f2f32  |i 1eacd16b-a766-3e88-83a4-c55767eb81fe  |t 0 
952 f f |p normal  |a Texas A&M University  |b College Station  |c Sterling C. Evans Library  |d Evans: Library Stacks  |t 0  |e DR601 .B5713 1987  |h Library of Congress classification  |i unmediated -- volume  |m A14811089739 
998 f f |a DR601 .B5713 1987  |t 0  |l Evans: Library Stacks